Local area networks : (Record no. 6905)
[ view plain ]
| 000 -LEADER | |
|---|---|
| fixed length control field | 00943nam a22002652 4500 |
| 001 - CONTROL NUMBER | |
| control field | 0000005200 |
| 005 - DATE AND TIME OF LATEST TRANSACTION | |
| control field | 20151217151955.0 |
| 008 - FIXED-LENGTH DATA ELEMENTS--GENERAL INFORMATION | |
| fixed length control field | 070608s xx 000 0 eng d |
| 020 ## - INTERNATIONAL STANDARD BOOK NUMBER | |
| International Standard Book Number | 0826454097 : |
| Terms of availability | KES 1,416 |
| 040 ## - CATALOGING SOURCE | |
| Original cataloging agency | KABU |
| Transcribing agency | KABU |
| 050 #0 - LIBRARY OF CONGRESS CALL NUMBER | |
| Classification number | TK5105.7 |
| Item number | .H63 1997 |
| 100 1# - MAIN ENTRY--PERSONAL NAME | |
| Personal name | Hodson, Peter. |
| -- | 0000156358 |
| 245 10 - TITLE STATEMENT | |
| Title | Local area networks : |
| Remainder of title | including internetworking and interconnection with WANs / |
| Statement of responsibility, etc. | Peter Hodson. |
| 250 ## - EDITION STATEMENT | |
| Edition statement | 3rd ed. |
| 260 ## - PUBLICATION, DISTRIBUTION, ETC. (IMPRINT) | |
| Place of publication, distribution, etc. | London ; |
| -- | New York : |
| Name of publisher, distributor, etc. | Continuum, |
| Date of publication, distribution, etc. | 1997. |
| 300 ## - PHYSICAL DESCRIPTION | |
| Extent | viii, 237 p. ; |
| Dimensions | 25 cm. |
| 650 #0 - SUBJECT ADDED ENTRY--TOPICAL TERM | |
| Topical term or geographic name as entry element | Local area networks (Computer networks) |
| -- | 0000156359 |
| 908 ## - PUT COMMAND PARAMETER (RLIN) | |
| Put command parameter | 070608 |
| 950 ## - LOCAL HOLDINGS (RLIN) | |
| -- | 1 |
| Withdrawn status | Lost status | Source of classification or shelving scheme | Not for loan | Home library | Current library | Date acquired | Total Checkouts | Full call number | Barcode | Date last seen | Price effective from | Koha item type | Damaged status | Date last checked out |
|---|---|---|---|---|---|---|---|---|---|---|---|---|---|---|
| Library of Congress Classification | Kabarak, Main Campus | Kabarak, Main Campus | 17/12/2015 | TK5105.7 .H63 1997 c. 1 | 008198 | 17/12/2015 | 17/12/2015 | General Collection | ||||||
| Lost | Library of Congress Classification | Kabarak, Main Campus | Kabarak, Main Campus | 17/12/2015 | 1 | TK5105.7 .H63 1997 c. 3 | 008199 | 28/06/2016 | 17/12/2015 | General Collection | 28/06/2016 | |||
| Library of Congress Classification | Kabarak, Main Campus | Kabarak, Main Campus | 17/12/2015 | TK5105.7 .H63 1997 c. 4 | 008197 | 17/12/2015 | 17/12/2015 | General Collection | ||||||
| Library of Congress Classification | Kabarak, Main Campus | Kabarak, Main Campus | 17/12/2015 | TK5105.7 .H63 1997 c. 2 | 17/12/2015 | 17/12/2015 | General Collection | |||||||
| Library of Congress Classification | Kabarak, Main Campus | Kabarak, Main Campus | 17/12/2015 | TK5105.7 .H63 1997 c. 5 | 17/12/2015 | 17/12/2015 | General Collection |